| 000 | 00922nas a22002294a 4500 | ||
|---|---|---|---|
| 008 | 850110c19849999spc x || 0 ||cat|| | ||
| 035 |
_a0063-80860 _9ES-BaSLP035 |
||
| 040 |
_aES-BaBC _bcat _cES-BaBC _dES-BaSLP |
||
| 041 | 0 |
_acat _bspa |
|
| 043 |
_ae-sp--- _be-spc-- _2catmarc |
||
| 080 | _a070(467.1) | ||
| 245 | 0 | 0 |
_aAnnals del periodisme català : _brevista trimestral editada per l'Associació de la Premsa de Barcelona / _cdir. Jaume Guillamet. |
| 260 |
_aBarcelona : _bl'Associació, _c1984- |
||
| 300 |
_avol. ; _c22 cm. |
||
| 310 | _aTrimestral | ||
| 362 | 0 | _aAny 1, núm. 0 (1984, abr./juny)- | |
| 500 | _aAmb el títol "Anals del periodisme català" sortí els anys 1933/1936 una publicació mensual editada per l'Associació de Periodistes de Catalunya. | ||
| 546 | _aText en català i castellà. | ||
| 650 | 4 |
_aPeriodisme _zCatalunya |
|
| 710 | 2 | _aAssociació de la Premsa de Barcelona | |
| 752 | _dBarcelona. | ||
| 999 |
_c6855 _d6855 |
||